Jefferson Counties Quiz - Statistics

General Stats
  • This quiz has been taken 220 times
    194 since last reset
  • The average score is 22 of 32
Answers on the Map
Answers color-coded by a green-red scale on the quiz's map according to % correct below.
 
Answer Stats
County % Correct
Nevada
89%
Lake
85%
Lake
85%
Del Norte
83%
Shasta
81%
Modoc
79%
Sierra
79%
Humboldt
78%
Placer
78%
Siskiyou
78%
Mendocino
77%
Yuba
75%
Lassen
74%
Trinity
74%
Butte
67%
Klamath
67%
Colusa
65%
El Dorado
64%
Mariposa
64%
Stanislaus
64%
Sutter
64%
Jackson
63%
Glenn
62%
Amador
60%
Plumas
60%
Tehama
60%
Tuolumne
60%
Coos
59%
Calaveras
58%
Josephine
52%
Douglas
50%
Curry
48%
No matching quizzes found
Score Distribution
Percent of People with Each Score
Percentile by Number Answered
Your Score History
You have not taken this quiz since the last reset